[Event "English Schools Championship Final 2024"]
[Site "Nottingham University Kings Meadow Campus, United Kingdom"]
[Date "2024.06.27"]
[Round "2.30"]
[White "Wastell, William"]
[Black "Chetverikov, Ivan"]
[Result "0-1"]
[TimeControl "G50' + 10\" per move."]
[BlackFideId "458554"]
[WhiteElo "1564"]
[BlackElo "1760"]

1. e4 {[%clk 00:50:16]} {[%emt 00:00:04]} c5 {[%clk 00:50:17]} {[%emt
00:00:03]} 2. Nf3 {[%clk 00:49:48]} {[%emt 00:00:38]} d6 {[%clk 00:50:12]}
{[%emt 00:00:15]} 3. Bc4 {[%clk 00:47:39]} {[%emt 00:02:20]} Nf6 {[%clk
00:49:34]} {[%emt 00:00:47]} 4. Nc3 {[%clk 00:47:07]} {[%emt 00:00:42]} e6
{[%clk 00:49:27]} {[%emt 00:00:17]} 5. O-O {[%clk 00:45:55]} {[%emt 00:01:23]}
Be7 {[%clk 00:49:29]} {[%emt 00:00:08]} 6. d3 {[%clk 00:45:19]} {[%emt
00:00:47]} a6 {[%clk 00:49:18]} {[%emt 00:00:20]} 7. a3 {[%clk 00:44:26]}
{[%emt 00:01:03]} b5 {[%clk 00:49:06]} {[%emt 00:00:22]} 8. Ba2 {[%clk
00:44:12]} {[%emt 00:00:24]} Bb7 {[%clk 00:48:49]} {[%emt 00:00:27]} 9. Bg5
{[%clk 00:40:43]} {[%emt 00:03:39]} O-O {[%clk 00:48:27]} {[%emt 00:00:31]} 10.
Qd2 {[%clk 00:38:40]} {[%emt 00:02:13]} Nbd7 {[%clk 00:46:50]} {[%emt
00:01:47]} 11. b4 {[%clk 00:37:29]} {[%emt 00:01:21]} Qc7 {[%clk 00:43:50]}
{[%emt 00:03:09]} 12. h3 {[%clk 00:34:25]} {[%emt 00:03:14]} cxb4 {[%clk
00:42:17]} {[%emt 00:01:43]} 13. axb4 {[%clk 00:34:12]} {[%emt 00:00:23]} Rac8
{[%clk 00:41:26]} {[%emt 00:01:02]} 14. Ne2 {[%clk 00:32:17]} {[%emt 00:02:05]}
Qxc2 {[%clk 00:41:10]} {[%emt 00:00:27]} 15. Rac1 {[%clk 00:28:02]} {[%emt
00:04:25]} Qxd2 {[%clk 00:40:12]} {[%emt 00:01:03]} 16. Bxd2 {[%clk 00:27:08]}
{[%emt 00:00:58]} h6 {[%clk 00:36:55]} {[%emt 00:03:38]} 17. Ng3 {[%clk
00:24:24]} {[%emt 00:02:53]} Rfd8 {[%clk 00:28:54]} {[%emt 00:08:11]} 18. Bc3
{[%clk 00:23:24]} {[%emt 00:01:11]} Nb6 {[%clk 00:27:05]} {[%emt 00:01:59]} 19.
Nd4 {[%clk 00:21:02]} {[%emt 00:02:31]} Nfd7 {[%clk 00:21:03]} {[%emt
00:06:12]} 20. f4 {[%clk 00:19:49]} {[%emt 00:01:24]} Na4 {[%clk 00:17:30]}
{[%emt 00:03:43]} 21. Nge2 {[%clk 00:19:33]} {[%emt 00:00:26]} d5 {[%clk
00:13:57]} {[%emt 00:03:43]} 22. e5 {[%clk 00:18:29]} {[%emt 00:01:14]} Nxc3
{[%clk 00:13:55]} {[%emt 00:00:12]} 23. Nxc3 {[%clk 00:18:02]} {[%emt
00:00:35]} Bxb4 {[%clk 00:13:50]} {[%emt 00:00:16]} 24. Nde2 {[%clk 00:17:26]}
{[%emt 00:00:45]} d4 {[%emt 00:02:32]} 25. Nb1 {[%clk 00:15:00]} {[%emt
00:01:06]} Nc5 {[%clk 00:12:28]} {[%emt 00:00:42]} 26. Rfd1 {[%clk 00:14:26]}
{[%emt 00:00:44]} Na4 {[%clk 00:11:35]} {[%emt 00:01:02]} 27. Rxc8 {[%clk
00:13:23]} {[%emt 00:01:11]} Bxc8 {[%clk 00:09:50]} {[%emt 00:01:58]} 28. Nc1
{[%clk 00:11:00]} {[%emt 00:02:32]} Nc3 {[%clk 00:08:32]} {[%emt 00:01:29]} 29.
Rf1 {[%clk 00:10:18]} {[%emt 00:00:52]} Nxb1 {[%clk 00:07:12]} {[%emt
00:01:30]} 30. Bxb1 {[%clk 00:10:15]} {[%emt 00:00:12]} Bb7 {[%clk 00:06:28]}
{[%emt 00:00:56]} 31. Ba2 {[%clk 00:08:47]} {[%emt 00:01:37]} Bd5 {[%clk
00:05:58]} {[%emt 00:00:40]} 32. f5 {[%clk 00:07:22]} {[%emt 00:01:34]} Bxa2
{[%clk 00:05:29]} {[%emt 00:00:39]} 33. Nxa2 {[%clk 00:07:21]} {[%emt
00:00:05]} Bd2 {[%clk 00:05:29]} {[%emt 00:00:16]} 34. fxe6 {[%clk 00:06:44]}
{[%emt 00:00:47]} fxe6 {[%clk 00:05:35]} {[%emt 00:00:04]} 35. Rb1 {[%clk
00:06:26]} {[%emt 00:00:27]} Rd5 {[%clk 00:05:30]} {[%emt 00:00:16]} 36. Rb2
{[%clk 00:06:06]} {[%emt 00:00:31]} Bc3 {[%clk 00:05:26]} {[%emt 00:00:14]} 37.
Re2 {[%clk 00:05:55]} {[%emt 00:00:19]} b4 {[%clk 00:05:30]} {[%emt 00:00:08]}
38. Nc1 {[%clk 00:05:05]} {[%emt 00:01:00]} a5 {[%clk 00:05:29]} {[%emt
00:00:11]} 39. Ra2 {[%clk 00:05:07]} {[%emt 00:00:08]} Rxe5 {[%clk 00:04:11]}
{[%emt 00:01:29]} 40. Nb3 {[%clk 00:04:39]} {[%emt 00:00:38]} Re3 {[%clk
00:03:54]} {[%emt 00:00:26]} 41. Rxa5 {[%clk 00:04:17]} {[%emt 00:00:32]} Rxd3
{[%emt 00:00:24]} 42. Ra8+ {[%clk 00:04:09]} Kh7 {[%clk 00:04:02]} {[%emt
00:00:07]} 43. Re8 {[%clk 00:04:15]} {[%emt 00:00:04]} Re3 {[%clk 00:03:48]}
{[%emt 00:01:22]} 0-1

[Event "English Schools Championship Final 2024"]
[Site "Nottingham University Kings Meadow Campus, United Kingdom"]
[Date "2024.06.27"]
[Round "2.31"]
[White "Vaddhireddy, Sai"]
[Black "Yoon, Jacob D"]
[Result "0-1"]
[TimeControl "G50' + 10\" per move."]
[WhiteFideId "499560"]
[BlackFideId "446076"]
[WhiteElo "1896"]
[BlackElo "2279"]

1. d4 {[%clk 00:50:18]} {[%emt 00:00:03]} g6 {[%clk 00:50:16]} {[%emt
00:00:03]} 2. c4 {[%clk 00:50:25]} {[%emt 00:00:05]} Bg7 {[%clk 00:50:24]}
{[%emt 00:00:02]} 3. Nc3 {[%clk 00:50:30]} {[%emt 00:00:04]} d6 {[%clk
00:50:32]} {[%emt 00:00:03]} 4. Nf3 {[%clk 00:50:27]} {[%emt 00:00:12]} Bg4
{[%clk 00:49:34]} {[%emt 00:01:08]} 5. e3 {[%clk 00:49:58]} {[%emt 00:00:39]}
e5 {[%clk 00:48:43]} {[%emt 00:01:02]} 6. dxe5 {[%clk 00:49:57]} {[%emt
00:00:11]} dxe5 {[%clk 00:48:44]} {[%emt 00:00:09]} 7. Qxd8+ {[%clk 00:49:57]}
Kxd8 {[%clk 00:48:52]} {[%emt 00:00:11]} 8. Ng5 {[%clk 00:49:21]} {[%emt
00:00:45]} Nh6 {[%clk 00:48:51]} {[%emt 00:00:12]} 9. Be2 {[%clk 00:49:11]}
{[%emt 00:00:20]} Bxe2 {[%clk 00:46:09]} {[%emt 00:02:52]} 10. Kxe2 {[%clk
00:49:16]} {[%emt 00:00:04]} Nd7 {[%clk 00:29:59]} {[%emt 00:16:22]} 11. Rd1
{[%clk 00:47:52]} {[%emt 00:01:33]} Kc8 {[%clk 00:27:42]} {[%emt 00:02:28]} 12.
Bd2 {[%clk 00:46:42]} {[%emt 00:01:19]} Re8 {[%clk 00:26:20]} {[%emt 00:01:33]}
13. Rac1 {[%clk 00:38:37]} {[%emt 00:08:14]} f6 {[%clk 00:26:17]} {[%emt
00:00:13]} 14. Nge4 {[%clk 00:38:19]} {[%emt 00:00:28]} Nf7 {[%clk 00:26:00]}
{[%emt 00:00:28]} 15. g4 {[%clk 00:37:24]} {[%emt 00:01:03]} c6 {[%clk
00:19:03]} {[%emt 00:07:07]} 16. b4 {[%clk 00:36:38]} {[%emt 00:00:57]} Bf8
{[%clk 00:11:41]} {[%emt 00:07:32]} 17. b5 {[%clk 00:33:27]} {[%emt 00:03:21]}
Nd6 {[%clk 00:11:17]} {[%emt 00:00:34]} 18. Nxd6+ {[%clk 00:31:09]} {[%emt
00:02:28]} Bxd6 {[%clk 00:11:23]} {[%emt 00:00:04]} 19. Ne4 {[%clk 00:30:46]}
{[%emt 00:00:33]} Bc7 {[%clk 00:05:39]} {[%emt 00:05:55]} 20. Bb4 {[%clk
00:30:11]} {[%emt 00:00:44]} f5 {[%clk 00:05:14]} {[%emt 00:00:35]} 21. gxf5
{[%clk 00:28:05]} {[%emt 00:02:16]} gxf5 {[%clk 00:05:22]} {[%emt 00:00:02]} 22.
Ng3 {[%clk 00:28:06]} {[%emt 00:00:08]} c5 {[%clk 00:05:19]} {[%emt 00:00:14]}
23. Bc3 {[%clk 00:27:43]} {[%emt 00:00:33]} Rf8 {[%clk 00:04:39]} {[%emt
00:00:50]} 24. e4 {[%clk 00:25:07]} {[%emt 00:02:46]} fxe4 {[%clk 00:03:42]}
{[%emt 00:01:07]} 25. Nxe4 {[%clk 00:25:00]} {[%emt 00:00:17]} b6 {[%clk
00:03:20]} {[%emt 00:00:33]} 26. Rd5 {[%clk 00:23:02]} {[%emt 00:02:07]} a6
{[%clk 00:02:58]} {[%emt 00:00:32]} 27. Rcd1 {[%clk 00:22:30]} {[%emt
00:00:41]} Rf7 {[%clk 00:02:53]} {[%emt 00:00:16]} 28. Ng5 {[%clk 00:21:38]}
{[%emt 00:01:02]} Re7 {[%clk 00:03:02]} 29. bxa6 {[%clk 00:18:49]} {[%emt
00:02:59]} Rxa6 {[%clk 00:03:11]} {[%emt 00:00:02]} 30. R5d2 {[%clk 00:18:52]}
{[%emt 00:00:06]} Ra4 {[%clk 00:03:10]} {[%emt 00:00:12]} 31. Kd3 {[%clk
00:18:51]} {[%emt 00:00:09]} Nf6 {[%clk 00:02:42]} {[%emt 00:00:39]} 32. f3
{[%clk 00:18:16]} {[%emt 00:00:45]} Rd7+ {[%clk 00:02:46]} {[%emt 00:00:06]} 33.
Ke2 {[%clk 00:17:58]} {[%emt 00:00:27]} Rxc4 {[%clk 00:02:55]} {[%emt
00:00:02]} 34. Bb2 {[%clk 00:17:42]} {[%emt 00:00:26]} Ra4 {[%clk 00:03:00]}
{[%emt 00:00:05]} 35. Ne6 {[%clk 00:17:25]} {[%emt 00:00:27]} Rxd2+ {[%clk
00:02:01]} {[%emt 00:01:09]} 36. Rxd2 {[%clk 00:17:29]} {[%emt 00:00:05]} Nd7
{[%clk 00:02:09]} {[%emt 00:00:03]} 37. Bc3 {[%clk 00:16:48]} {[%emt 00:00:51]}
Rh4 {[%clk 00:02:15]} {[%emt 00:00:04]} 38. Ke3 {[%clk 00:16:50]} {[%emt
00:00:07]} b5 {[%clk 00:01:44]} {[%emt 00:00:42]} 39. Rb2 {[%clk 00:16:06]}
{[%emt 00:00:54]} b4 {[%clk 00:01:53]} {[%emt 00:00:02]} 40. Be1 {[%clk
00:16:10]} {[%emt 00:00:05]} Rh6 {[%clk 00:01:55]} {[%emt 00:00:08]} 41. Nxc7
{[%clk 00:16:11]} {[%emt 00:00:09]} Kxc7 {[%clk 00:02:04]} {[%emt 00:00:02]} 42.
Bg3 {[%clk 00:15:51]} {[%emt 00:00:29]} Rb6 {[%clk 00:01:39]} {[%emt 00:00:35]}
43. Ke4 {[%clk 00:15:48]} {[%emt 00:00:13]} Kd6 {[%clk 00:01:46]} {[%emt
00:00:02]} 44. Rd2+ {[%clk 00:15:22]} {[%emt 00:00:36]} Ke6 {[%clk 00:01:55]}
45. Bf2 {[%clk 00:15:20]} {[%emt 00:00:12]} Nf6+ {[%clk 00:02:02]} {[%emt
00:00:03]} 46. Kd3 {[%clk 00:15:23]} {[%emt 00:00:08]} Rd6+ {[%clk 00:02:10]}
{[%emt 00:00:02]} 47. Kc2 {[%clk 00:15:26]} {[%emt 00:00:07]} Rxd2+ {[%clk
00:02:19]} {[%emt 00:00:02]} 48. Kxd2 {[%clk 00:15:31]} {[%emt 00:00:04]} Kd5
{[%clk 00:02:28]} {[%emt 00:00:01]} 49. Kc2 {[%clk 00:15:15]} {[%emt 00:00:25]}
Nh5 {[%clk 00:02:27]} {[%emt 00:00:11]} 50. Be3 {[%clk 00:14:55]} {[%emt
00:00:31]} Nf4 {[%clk 00:02:19]} {[%emt 00:00:18]} 51. Kb3 {[%clk 00:14:58]}
{[%emt 00:00:07]} Nd3 {[%clk 00:02:27]} {[%emt 00:00:02]} 52. Kc2 {[%clk
00:14:30]} {[%emt 00:00:38]} Ne1+ {[%clk 00:02:36]} 0-1

[Event "English Schools Championship Final 2024"]
[Site "Nottingham University Kings Meadow Campus, United Kingdom"]
[Date "2024.06.27"]
[Round "2.32"]
[White "Pichugov, Andrey"]
[Black "De Silva, Sithun"]
[Result "1-0"]
[TimeControl "G50' + 10\" per move."]
[WhiteFideId "490075"]
[BlackFideId "343419925"]
[WhiteElo "2029"]
[BlackElo "1776"]

1. d4 {[%clk 00:50:18]} {[%emt 00:29:58]} d5 {[%clk 00:50:19]} 2. Bf4 {[%clk
00:50:22]} {[%emt 00:00:07]} Nf6 {[%clk 00:50:19]} {[%emt 00:00:09]} 3. e3
{[%clk 00:50:27]} {[%emt 00:00:05]} c5 {[%clk 00:49:08]} {[%emt 00:01:21]} 4.
c3 {[%clk 00:50:36]} Nc6 {[%clk 00:48:59]} {[%emt 00:00:20]} 5. Nd2 {[%clk
00:50:45]} {[%emt 00:00:01]} Bf5 {[%clk 00:48:31]} {[%emt 00:00:38]} 6. Qb3
{[%clk 00:50:46]} {[%emt 00:00:08]} Qb6 {[%clk 00:46:11]} {[%emt 00:02:30]} 7.
dxc5 {[%clk 00:49:57]} {[%emt 00:01:01]} Qxb3 {[%clk 00:41:56]} {[%emt
00:04:24]} 8. axb3 {[%clk 00:49:33]} {[%emt 00:00:33]} e5 {[%clk 00:41:48]}
{[%emt 00:00:19]} 9. Bg3 {[%clk 00:49:43]} Bxc5 {[%clk 00:40:44]} {[%emt
00:01:14]} 10. Ngf3 {[%clk 00:49:37]} {[%emt 00:00:17]} Nd7 {[%clk 00:37:20]}
{[%emt 00:03:33]} 11. b4 {[%clk 00:49:32]} {[%emt 00:00:15]} Bd6 {[%clk
00:35:15]} {[%emt 00:02:14]} 12. Nd4 {[%clk 00:46:59]} {[%emt 00:02:44]} exd4
{[%clk 00:33:23]} {[%emt 00:02:02]} 13. Bxd6 {[%clk 00:47:07]} {[%emt
00:00:02]} dxe3 {[%clk 00:31:47]} {[%emt 00:01:46]} 14. fxe3 {[%clk 00:47:11]}
{[%emt 00:00:06]} Nce5 {[%clk 00:30:12]} {[%emt 00:01:45]} 15. h3 {[%clk
00:32:35]} {[%emt 00:14:46]} Nd3+ {[%clk 00:29:07]} {[%emt 00:01:15]} 16. Bxd3
{[%clk 00:32:42]} {[%emt 00:00:04]} Bxd3 {[%clk 00:29:15]} {[%emt 00:00:01]} 17.
Nf3 {[%clk 00:29:29]} {[%emt 00:03:23]} f6 {[%clk 00:26:21]} {[%emt 00:03:03]}
18. Ra5 {[%clk 00:26:49]} {[%emt 00:02:51]} Nb6 {[%clk 00:24:33]} {[%emt
00:01:57]} 19. b3 {[%clk 00:21:18]} {[%emt 00:05:42]} a6 {[%clk 00:20:16]}
{[%emt 00:04:25]} 20. Kd2 {[%clk 00:16:12]} {[%emt 00:05:18]} Be4 {[%clk
00:19:47]} {[%emt 00:00:39]} 21. Bc7 {[%clk 00:15:02]} {[%emt 00:01:20]} Nd7
{[%clk 00:19:26]} {[%emt 00:00:31]} 22. Rg1 {[%clk 00:12:10]} {[%emt 00:03:03]}
Rc8 {[%clk 00:19:00]} {[%emt 00:00:36]} 23. Bd6 {[%clk 00:12:11]} {[%emt
00:00:10]} Rc6 {[%clk 00:18:45]} {[%emt 00:00:24]} 24. Bc5 {[%clk 00:11:50]}
{[%emt 00:00:31]} Nxc5 {[%clk 00:18:19]} {[%emt 00:00:36]} 25. Rxc5 {[%clk
00:11:25]} {[%emt 00:00:35]} Rxc5 {[%clk 00:17:40]} {[%emt 00:00:49]} 26. bxc5
{[%clk 00:11:34]} Bxf3 {[%clk 00:16:12]} {[%emt 00:01:38]} 27. gxf3 {[%clk
00:11:43]} {[%emt 00:00:01]} g6 {[%clk 00:13:12]} {[%emt 00:03:10]} 28. Kd3
{[%clk 00:10:26]} {[%emt 00:01:27]} Kd7 {[%clk 00:12:49]} {[%emt 00:00:33]} 29.
Kd4 {[%clk 00:10:24]} {[%emt 00:00:12]} Kc6 {[%clk 00:12:24]} {[%emt 00:00:34]}
30. Ra1 {[%clk 00:10:15]} {[%emt 00:00:20]} Re8 {[%clk 00:09:21]} {[%emt
00:03:13]} 31. Ra4 {[%clk 00:10:20]} {[%emt 00:00:05]} Re5 {[%clk 00:08:09]}
{[%emt 00:01:22]} 32. Rb4 {[%clk 00:10:25]} {[%emt 00:00:05]} Rf5 {[%clk
00:04:26]} {[%emt 00:03:54]} 33. f4 {[%clk 00:09:40]} {[%emt 00:00:54]} h5
{[%clk 00:03:11]} {[%emt 00:01:25]} 34. Rb6+ {[%clk 00:09:41]} {[%emt
00:00:09]} Kc7 {[%clk 00:03:21]} 35. Rd6 {[%clk 00:09:06]} {[%emt 00:00:44]} g5
{[%clk 00:02:36]} {[%emt 00:00:55]} 36. fxg5 {[%clk 00:09:09]} {[%emt
00:00:07]} fxg5 {[%clk 00:02:36]} {[%emt 00:00:10]} 37. Rxd5 {[%clk 00:09:15]}
{[%emt 00:00:04]} Rxd5+ {[%clk 00:02:13]} {[%emt 00:00:34]} 38. Kxd5 {[%clk
00:09:23]} {[%emt 00:00:01]} g4 {[%clk 00:02:22]} {[%emt 00:00:01]} 39. hxg4
{[%clk 00:09:21]} {[%emt 00:00:13]} hxg4 {[%clk 00:01:22]} {[%emt 00:01:10]} 40.
Ke4 {[%clk 00:09:30]} {[%emt 00:00:01]} Kc6 {[%clk 00:01:12]} {[%emt 00:00:19]}
41. Kf4 {[%clk 00:04:21]} {[%emt 00:05:18]} Kxc5 {[%clk 00:00:55]} {[%emt
00:00:28]} 42. Kxg4 {[%clk 00:04:25]} {[%emt 00:00:06]} b5 {[%clk 00:00:23]}
{[%emt 00:00:42]} 43. b4+ {[%clk 00:03:45]} {[%emt 00:00:51]} Kc4 {[%clk
00:00:13]} {[%emt 00:00:20]} 44. e4 {[%clk 00:03:50]} {[%emt 00:00:04]} Kxc3
{[%clk 00:00:21]} {[%emt 00:00:02]} 45. e5 {[%clk 00:03:55]} {[%emt 00:00:05]}
Kxb4 {[%clk 00:00:00]} {[%emt 00:00:20]} 1-0

[Event "English Schools Championship Final 2024"]
[Site "Nottingham University Kings Meadow Campus, United Kingdom"]
[Date "2024.06.27"]
[Round "2.33"]
[White "Poon, Matthew"]
[Black "Pushyna, Platon"]
[Result "0-1"]
[TimeControl "G50' + 10\" per move."]
[BlackFideId "343422314"]
[WhiteElo "1645"]
[BlackElo "1909"]

1. e4 {[%clk 00:50:18]} {[%emt 00:00:02]} e6 {[%clk 00:50:15]} {[%emt
00:00:06]} 2. d4 {[%clk 00:50:22]} {[%emt 00:00:06]} d5 {[%clk 00:50:23]}
{[%emt 00:00:02]} 3. e5 {[%clk 00:50:09]} {[%emt 00:00:23]} c5 {[%clk
00:50:24]} {[%emt 00:00:08]} 4. Nf3 {[%clk 00:50:15]} {[%emt 00:00:04]} cxd4
{[%clk 00:50:28]} {[%emt 00:00:07]} 5. Bd3 {[%clk 00:50:03]} {[%emt 00:00:22]}
Nc6 {[%clk 00:50:24]} {[%emt 00:00:14]} 6. O-O {[%clk 00:49:41]} {[%emt
00:00:31]} Qc7 {[%clk 00:50:00]} {[%emt 00:00:34]} 7. Re1 {[%clk 00:49:26]}
{[%emt 00:00:26]} Nb4 {[%clk 00:49:53]} {[%emt 00:00:18]} 8. Nxd4 {[%clk
00:40:43]} {[%emt 00:08:52]} Nxd3 {[%emt 00:00:52]} 9. cxd3 {[%clk 00:39:29]}
{[%emt 00:00:58]} Bd7 {[%clk 00:49:33]} {[%emt 00:00:13]} 10. Nc3 {[%clk
00:38:47]} {[%emt 00:00:52]} a6 {[%clk 00:49:20]} {[%emt 00:00:24]} 11. Nf3
{[%clk 00:31:37]} {[%emt 00:07:20]} Ne7 {[%clk 00:48:26]} {[%emt 00:01:05]} 12.
d4 {[%clk 00:29:46]} {[%emt 00:02:00]} Nc6 {[%clk 00:48:01]} {[%emt 00:00:35]}
13. Be3 {[%clk 00:25:49]} {[%emt 00:04:07]} Be7 {[%clk 00:48:01]} {[%emt
00:00:10]} 14. Rc1 {[%clk 00:25:34]} {[%emt 00:00:25]} O-O {[%clk 00:45:16]}
{[%emt 00:02:55]} 15. Na4 {[%clk 00:19:20]} {[%emt 00:06:24]} Qd8 {[%clk
00:43:10]} {[%emt 00:02:15]} 16. Nc5 {[%clk 00:15:07]} {[%emt 00:04:24]} Na5
{[%clk 00:39:25]} {[%emt 00:03:55]} 17. b3 {[%clk 00:14:36]} {[%emt 00:00:41]}
b6 {[%clk 00:39:17]} {[%emt 00:00:18]} 18. Nd3 {[%clk 00:13:51]} {[%emt
00:00:55]} Bb5 {[%clk 00:39:14]} {[%emt 00:00:13]} 19. a4 {[%clk 00:11:10]}
{[%emt 00:02:51]} Bxd3 {[%clk 00:38:51]} {[%emt 00:00:32]} 20. Qxd3 {[%clk
00:11:19]} {[%emt 00:00:01]} h6 {[%clk 00:32:41]} {[%emt 00:06:21]} 21. Bd2
{[%clk 00:10:43]} {[%emt 00:00:46]} Qd7 {[%clk 00:30:04]} {[%emt 00:02:46]} 22.
Bxa5 {[%clk 00:09:35]} {[%emt 00:01:19]} bxa5 {[%clk 00:30:00]} {[%emt
00:00:14]} 23. Re2 {[%clk 00:06:40]} {[%emt 00:03:05]} Qb7 {[%clk 00:29:24]}
{[%emt 00:00:46]} 24. Rec2 {[%clk 00:05:21]} {[%emt 00:01:29]} Rfc8 {[%clk
00:29:15]} {[%emt 00:00:19]} 25. Rxc8+ {[%clk 00:01:54]} {[%emt 00:03:37]} Rxc8
{[%clk 00:29:17]} {[%emt 00:00:08]} 26. Rc2 {[%clk 00:01:37]} {[%emt 00:00:27]}
Rb8 {[%clk 00:29:16]} {[%emt 00:00:11]} 27. Rb2 {[%clk 00:01:06]} {[%emt
00:00:42]} Ba3 {[%clk 00:28:24]} {[%emt 00:01:01]} 28. Rb1 {[%clk 00:01:15]}
Qc6 {[%clk 00:28:10]} {[%emt 00:00:23]} 29. h3 {[%clk 00:00:30]} {[%emt
00:00:56]} Bb4 {[%clk 00:27:45]} {[%emt 00:00:35]} 30. Ne1 {[%clk 00:00:17]}
{[%emt 00:00:23]} Be7 {[%clk 00:27:32]} {[%emt 00:00:24]} 31. Qd1 {[%clk
00:00:18]} {[%emt 00:00:08]} f6 {[%clk 00:27:36]} {[%emt 00:00:06]} 32. Rc1
{[%clk 00:00:19]} {[%emt 00:00:09]} Qb6 {[%clk 00:27:22]} {[%emt 00:00:24]} 33.
Rb1 {[%clk 00:00:19]} {[%emt 00:00:10]} Kf8 {[%clk 00:26:47]} {[%emt 00:00:45]}
34. Kh1 {[%emt 00:00:20]} fxe5 {[%clk 00:26:43]} {[%emt 00:00:11]} 35. Qf3+
{[%clk 00:00:15]} {[%emt 00:00:07]} Kg8 {[%clk 00:26:35]} {[%emt 00:00:18]} 36.
dxe5 {[%clk 00:00:22]} {[%emt 00:00:03]} Bc5 {[%clk 00:26:22]} {[%emt
00:00:23]} 37. Nd3 {[%clk 00:00:15]} {[%emt 00:00:17]} Bd4 {[%clk 00:26:08]}
{[%emt 00:00:24]} 38. Nf4 {[%clk 00:00:12]} {[%emt 00:00:13]} Bxe5 {[%clk
00:25:53]} {[%emt 00:00:25]} 39. Nxd5 {[%clk 00:00:16]} {[%emt 00:00:07]} Qd6
{[%clk 00:25:31]} {[%emt 00:00:31]} 40. Ne3 {[%clk 00:00:12]} {[%emt 00:00:13]}
Qd3 {[%clk 00:25:09]} {[%emt 00:00:32]} 41. Nc4 {[%clk 00:00:14]} {[%emt
00:00:09]} Qxb1+ {[%clk 00:25:16]} {[%emt 00:00:03]} 0-1